000 00564nam a22002177a 4500
003 UA-OsUOA
001 38090
007 ta
008 20060426b un ||||| |||| 00| 0 ukr d
100 _aОлійник Валентина
090 _a32
_bО-11
942 _cSA
040 _aUA-OsUOA
_bukr
_cUA-OsUOA
_dUA-OsUOA
245 _aУніверситетська наука та освіта продовжує інтеграцію
300 _a6 с.
955 _a0
041 _aukr
080 _a32
773 0 _w38088
650 7 _a32 Політика
_2UDC
999 _c324256
_d324256